| 000 | 00397nam a2200169Ia 4500 | ||
|---|---|---|---|
| 008 | 230524s9999 xx 000 0 und d | ||
| 020 | _a8120326458 | ||
| 082 |
_a5.133 _bNAR |
||
| 100 | _aRajesh Narang | ||
| 245 | 0 | _aDatabase Management Systems | |
| 250 | _aIST | ||
| 260 |
_aNEW DELHI _bPHI _c2006 |
||
| 300 | _aXIII;398 | ||
| 500 | _aQuantity Number: 2 | ||
| 650 | _aComp-Sc | ||
| 942 | _cBK | ||
| 999 |
_c37353 _d37353 |
||